000 01602aam a2200313 i 4500
999 _c37185
_d37185
001 768714001
003 CO-MdFUSB
005 20200811143229.0
007 ta
008 200811t1993 -us |||| |||| 00| 0 eng d
020 _a0830816577
040 _bspa.
_aCO-MdFUSB
_cCO-MdFUSB
_dCO-MdFUSBC
_erda
041 _aeng
082 0 4 _223
_a261.834
_b E482c
100 1 _aElmer, Duane (1943- )
_eautor
245 1 0 _aCross-Cultural conflict
_bbuilding relationships for effective ministry
_c/ Duane Elmer
264 1 _aEstados Unidos :
_bInterVarsity Press,
_c[1993]
264 4 _c© 1993
300 _a189 Páginas
_c; 21 cm
336 _atexto
_btxt
_2rdacontent
337 _2rdamedia
_asin mediación
_bn
338 _2rdacarrier
_avolumen
_bnc
505 _aComprender el conflicto y la cultura - Los contornos asombrosos del conflicto - La diversidad cultural fue idea de Dios (y también lo fue la unidad) - Manejar el conflicto a la manera estadounidense - Conflicto y valores culturales - Diversidad cultural y resolución de conflictos - La mediación y el mediador - La posición unificada y la vulnerabilidad - Narración de historias y refranes - Inacción, desvío, silencio y personas indefinidas - Implicaciones para el mensaje del evangelio - Comunicar el evangelio a través de culturas - Poder y ganar: las enfermedades gemelas - Principios de comunicación para la resolución de conflictos: un estudio de caso de Joshua - Principios para manejar conflictos.
563 _aRústico
650 7 _9931
_aMisioneros
942 _cBK
945 _aJTF-925